Sporcle At The Oscars Quiz Stats

 Plays Quiz Updated Jan 26, 2019

Support Sporcle.
Go Orange.
Score 0/85 Timer 07:00
0 Plays Today
% Correct
Mary
91.9%
Beauty
91.8%
Toy
91.7%
Benjamin
91.5%
Cuckoo's
91.1%
Miserables
91%
Apollo
90.7%
Fair
90.2%
Inglourious
89.8%
Slumdog
89.8%
Pulp
89.8%
Poets
89.6%
Shawshank
89.5%
Purple
89.2%
Kramer
89.1%
Good
89%
Music
88.9%
Endearment
88.6%
Sensibility
88.5%
Clockwork
88.4%
Country
88.3%
Beautiful
88.2%
Sunshine
88.1%
Fatal
87.8%
34th
87.8%
Hurt
87.4%
Wrath
87.3%
Fiddler
87.3%
Brokeback
86.8%
% Correct
I
86.7%
Desire
86.2%
Hidden
86%
Dreams
85.6%
View
85.3%
Social
84.3%
Blood
84.3%
Yankee
84.2%
Western
83.9%
Wonderful
83.2%
English
82.4%
Confidential
82.2%
Taxi
82%
Monty
81.5%
Gangs
81.4%
Chariots
80.6%
Kwai
80.3%
American
79.8%
Left
79.8%
Translation
79.1%
Nixon
77.6%
Deer
76.8%
Cider
76.7%
Mystic
75.1%
Dolly
72.8%
Africa
72.3%
Neverland
72%
Sunset
71.6%
Years
71.1%
% Correct
Waterfront
71%
Mutiny
69.5%
Swan
68%
Towering
65.7%
India
65%
Ordinary
64%
Gosford
64%
Zorba
63.9%
Spider
63.8%
Burning
63.7%
Father
63.7%
Midnight
60.4%
Crying
60.3%
Picture
59.8%
Easy
55.8%
Working
52.1%
Remains
51.8%
Class
49.2%
Glory
49%
Quiz
48.4%
Lost
48%
Chill
47.1%
Hotel
46.6%
Philadelphia
46.1%
Front
44.3%
Ziegfeld
39%
Love
28.1%

From the Vault

One Hit Wonders (1980s)

by PatentExaminer

Music 5m
Nobody expects the second hit. That's why we have two fists.
Remove Ads.
Support Sporcle.
Get the best of Sporcle when you Go Orange. This ad-free experience offers more features, more stats, and more fun while also helping to support Sporcle. Thank you for becoming a member.

Show Comments

Extras

Top Quizzes Today


Score Distribution

Your Account Isn't Verified!

In order to create a playlist on Sporcle, you need to verify the email address you used during registration. Go to your Sporcle Settings to finish the process.

Report this User

Report this user for behavior that violates our Community Guidelines.

Details: